00411 2200169 4500001002100000005001500021035002000036245004400056100001000100300001700110260003400127082000800161084001400169020002200183600001000205990002600215INLIS00000000000047020251104013923 a0010-11250000491 aKUNCI MELATIH OTAK SUPER /cDARMA PUTRA0 aDARMA a235 ;c20 CM aYOGYAKARTA :bLAIKSANA,c2018 a160 a160 DAR k a978-602-407-295-704aDARMA a2018/SMKMIRI/2530/001